Numéros des joueurs de l'équipe principale (OG S1--> Galaxy) - Statistiques

Statistiques générales
  • Ce quiz a été pris 10 fois
  • Le résultat moyen est 62 sur 91
Statistiques - réponses
Numéro Nom du joueur % Correct
1 (Raimon S1) Mark Evans
100%
1/15 (Raimon S2) Mark Evans
100%
1 (Inazuma Japon) Mark Evans
100%
7 (Inazuma Japon) Archer Hawkins
88%
10 (Raimon S1) Axel Blaze
88%
10 (Raimon S2) Axel Blaze
88%
10 (Inazuma Japon) Axel Blaze
88%
1/5 (Raimon S2) Darren Lachance
88%
20 (Inazuma Japon) Darren Lachance
88%
3 (Raimon S1) Jack Wallside
88%
3 (Raimon S2) Jack Wallside
88%
3 (Inazuma Japon) Jack Wallside
88%
11 (Raimon S1) Kevin Dragonfly
88%
11 (Raimon S2) Kevin Dragonfly
88%
17 (Inazuma Japon) Kevin Dragonfly
88%
2 (Raimon S1) Nathan Swift
88%
2 (Raimon S2) Nathan Swift
88%
2 (Inazuma Japon) Nathan Swift
88%
5 (Raimon S1) Tod Ironside
88%
5 (Inazuma Japon) Tod Ironside
88%
11 (Inazuma Japon) Austin Hobbes
75%
13 (Raimon S1) Bobby Shearer
75%
13 (Raimon S2) Bobby Shearer
75%
11 (Raimon S2; temporairement) Byron Love
75%
8 (Inazuma Japon) Caleb Stonewall
75%
16 (Raimon S1) Erik Eagle
75%
16 (Raimon S2) Erik Eagle
75%
4 (Raimon S2) Hurley Kane
75%
4 (Inazuma Japon) Hurley Kane
75%
5/20 (Raimon GO) Jean Pierre Lapin
75%
20 (Chrono Storm) Jean Pierre Lapin
75%
20 (Onze Terrestre) Jean Pierre Lapin
75%
13 (Inazuma Japon) Jordan Greenway
75%
14 (Raimon S1) Jude Sharp
75%
14 (Raimon S2) Jude Sharp
75%
14 (Inazuma Japon) Jude Sharp
75%
9 (Raimon S1) Maxwell Carson
75%
9 (Raimon GO) Riccardo Di Rigo
75%
9 (Chrono Storm) Riccardo Di Rigo
75%
9 (Onze Terrestre) Riccardo Di Rigo
75%
6 (Raimon S2) Scotty Banyan
75%
6 (Inazuma Japon) Scotty Banyan
75%
9 (Raimon S2) Shawn Froste
75%
9 (Inazuma Japon) Shawn Froste
75%
6 (Raimon S1) Steve Grim
75%
10 (Raimon GO) Victor Blade
75%
10 (Chrono Storm) Victor Blade
75%
10 (Onze Terrestre) Victor Blade
75%
12 (Raimon S1) Willy Glass
75%
12 (Raimon S2) Willy Glass
75%
18 (Inazuma Japon) Xavier Foster
75%
8/18 (Raimon GO) Arion Sherwind
63%
8 (Chrono Storm) Arion Sherwind
63%
8 (Onze Terrestre) Arion Sherwind
63%
16 (Inazuma Japon) David Samford
63%
7 (Raimon GO) Eugène Peabody
63%
4 (Raimon S1) Jim Wraith
63%
16 (Raimon GO) Lucien Dark
63%
16 (Chrono Storm) Lucien Dark
63%
1 (Raimon GO) Samguk Han
63%
8 (Raimon S1) Sam Kincaid
63%
12 (Inazuma Japon) Thor Stoutberg
63%
8 (Raimon S2) Tori Vanguard
63%
6 (Raimon GO) Adé Kébé
50%
15 (Raimon GO) Aitor Cazador
50%
15 (Chrono Storm) Aitor Cazador
50%
6 (Onze Terrestre) Buddy Fury
50%
7 (Onze Terrestre) Cerise Blossom
50%
11 (Onze Terrestre) Falco Flashman
50%
5 (Onze Terrestre) Frank Foreman
50%
3 (Raimon GO) Gabriel Garcia
50%
3 (Chrono Storm) Gabriel Garcia
50%
78 (Chrono Storm) Goldie Lemmon
50%
3 (Onze Terrestre) Keenan Sharpe
50%
14 (Raimon GO) Ryoma Nishiki
50%
14 (Chrono Storm) Ryoma Nishiki
50%
18 (Chrono Storm) Sol Daystar
50%
21 (Chrono Storm) Sor
50%
1 (Onze Terrestre) Terry Archibald
50%
7 (Raimon S1) Timmy Saunders
50%
2 (Onze Terrestre) Trina Verdure
50%
18 (Onze Terrestre) Zack Avalon
50%
99 (Chrono Storm) Zanark Avalonic
50%
11 (Chrono Storm) Fey Rune
38%
13 (Raimon GO) Hugues Baudet
38%
11 (Raimon GO) Michael Ballzack
38%
12 (Raimon GO) Shunsuke Aoyama
38%
2 (Raimon GO) Subaru Honda
38%
4 (Raimon GO) Wanli Changcheng
38%
4 (Onze Terrestre) Zippy Lermer
38%
7 (Raimon S2) Sue Heartland
25%
Aucun quiz correspondant
Distribution des résultats
% des personnes avec chaque résultat
Percentile par nombre de réponses
Votre historique - résultats
Vous n’avez pas pris ce quiz